Carta con fecha 7 de Junio de 1928 al R.P. Mariano Navarro

Síntesis: El Sr Ma. Carreño a través de esta Carta le agradece al Sr. R.P. Mariano Navarro de todo lo que ha hecho por el; También le comunica de que sus amigos le comentan todo lo que ellos quieren que sepa y callan lo que no les conviene.

I tiakina i:
Ngā taipitopito rārangi puna kōrero
Kaituhi matua: Carreño, Alberto María (autor)
Hōputu: Pukapuka
Ngā marau:
Ngā Tūtohu: Tāpirihia he Tūtohu
Kāore He Tūtohu, Me noho koe te mea tuatahi ki te tūtohu i tēnei pūkete!

MARC

LEADER 00000nam^a2200000^a^4500
001 000251080
005 20250526000000.0
009 20260310105839.872
035 |a R02082 
037 |a Acervo Xavier Clavigero 
082 |a 82.  |b CAR V. LIBRO 12 DOC 38/77 
100 |a Carreño, Alberto María  |e (autor) 
245 1 0 |a Carta con fecha 7 de Junio de 1928 al R.P. Mariano Navarro 
264 |a New York :  |b Destinatario: Navarro, Mariano,  |c 1928 
300 |a 3 fojas, mecanuscritos copias, 21.5x28cms. 
336 |a texto  |b txt  |2 rdacontenido 
337 |a sin mediación  |b n  |2 rdamedio 
338 |a volumen  |b nc  |2 rdasoporte 
520 |a Síntesis: El Sr Ma. Carreño a través de esta Carta le agradece al Sr. R.P. Mariano Navarro de todo lo que ha hecho por el; También le comunica de que sus amigos le comentan todo lo que ellos quieren que sepa y callan lo que no les conviene. 
598 |a Carta 
598 |a En la biblioteca del ILFC, Guadalajara, Jal. 
598 |a Lugares que cita el documento: Jalisco, México, E.U. 
649 |a XX 
650 |a * LNDLR -  |x Critica e interpretación 
650 |a Guerra Cristera 
650 |a Capistrán Garza, René 
650 |a * Navarro, Mariano 
910 |a Fondo Jesús Gómez Fregoso S.J. FXC 
920 |a Impresos - Documentos 
930 |a Libros Antiguos y Raros 
940 |a Guerra Cristera 
905 |a 110 
901 |a R02082  |b IT2  |c LRA  |i R02082  |u 20250526 
902 |a https://opac.biblio.iteso.mx/vufind/Record/000251080